000 00572nam a2200157 a 4500
001 000029062
005 20200930055315.0
008 110413s1998 dr 000 0 spa d
040 _aDO-SdBNP
_bspa
_cBNPHU
245 0 0 _aEncuentros con candidatos y candidatas a regidor.
246 1 4 _aEncuentros con candidatos y candidatas a regidores en las elecciones municipales y congresuales del 1998
260 _aSanto Domingo :
_bParicipación Ciudadana,
_c1998.
300 _a36 p. ;
_c28 cm.
710 _aCentro de Estudios Sociales Padre Juan Montalvo
_955966
049 _aBNPD
999 _c28554
_d28554